| Tag |
First Indicator |
Second Indicator |
Subfields |
| LEADER |
00000cam a2200000Ka 4500 |
| 001 |
in00001663607 |
| 005 |
20151024122430.0 |
| 008 |
020326s2000 fr ab b 001 0 eng d |
| 020 |
|
|
|a 2068552019 (pbk.)
|
| 035 |
|
|
|a (OCoLC)ocm44546948
|
| 035 |
|
|
|a 44546948
|
| 040 |
|
|
|a GSN
|c GSN
|d ONU
|d TXA
|d UtOrBLW
|
| 043 |
|
|
|a nwcu---
|
| 049 |
|
|
|a TXAM
|
| 090 |
|
|
|a F1754.7
|b .C83 2000
|
| 092 |
|
|
|a 917.291
|b C962
|
| 245 |
0 |
0 |
|a Cuba.
|
| 250 |
|
|
|a [English ed.].
|
| 264 |
|
1 |
|a Clermont-Ferrand, France :
|b Michelin Travel Publ.,
|c 2000.
|
| 300 |
|
|
|a 340 pages :
|b color illustrations, color maps ;
|c 19 cm.
|
| 336 |
|
|
|a text
|b txt
|2 rdacontent
|
| 337 |
|
|
|a unmediated
|b n
|2 rdamedia
|
| 338 |
|
|
|a volume
|b nc
|2 rdacarrier
|
| 490 |
1 |
|
|a NEOS guide
|
| 504 |
|
|
|a Includes bibliographical references (pages 102-104) and index.
|
| 500 |
|
|
|a Maps on endpaper folds out.
|
| 651 |
|
0 |
|a Cuba
|v Guidebooks.
|
| 710 |
2 |
|
|a Michelin Travel Publications (Firm)
|
| 830 |
|
0 |
|a NEOS guide.
|
| 994 |
|
|
|a E0
|b TXA
|
| 999 |
|
|
|a MARS
|
| 999 |
f |
f |
|s d0140a74-898e-3fc3-9323-23639587a50a
|i bf61edf8-d9c7-3c10-8cd5-ee0882033789
|t 0
|
| 952 |
f |
f |
|p normal
|a Texas A&M University
|b College Station
|c Sterling C. Evans Library
|d Evans: Library Stacks
|t 0
|e F1754.7 .C83 2000
|h Library of Congress classification
|i unmediated -- volume
|m A14828869653
|
| 998 |
f |
f |
|a F1754.7 .C83 2000
|t 0
|l Evans: Library Stacks
|